[Event "SVK-chT3B2 2223"]
[Site "Slovakia"]
[Date "2022.11.06"]
[Round "2.2"]
[White "Krajci, Marian"]
[Black "Kutny, Marian"]
[Result "0-1"]
[WhiteElo "1580"]
[BlackElo "1967"]
[PlyCount "90"]
[EventDate "2022.10.23"]
[EventType "team-tourn"]
[EventRounds "11"]
[EventCountry "SVK"]
[SourceTitle "EXT 2024"]
[Source "ChessBase"]
[SourceDate "2023.10.10"]
[SourceVersion "1"]
[SourceVersionDate "2023.10.10"]
[SourceQuality "1"]
[WhiteTeam "Puchov Vcielka"]
[BlackTeam "Belusa II"]
[WhiteTeamCountry "SVK"]
[BlackTeamCountry "SVK"]

1. e4 c5 2. Nf3 Nc6 3. c3 e5 4. Bc4 d6 5. h3 h6 6. d3 Nf6 7. a3 Be7 8. b4 a6 9. Qb3 0-0 10. 0-0 Qc7 11. Bd5 Nxd5 12. exd5 Nb8 13. c4 Bf6 14. Ra2 Bf5 15. Nbd2 Nd7 16. Ne4 Be7 17. Be3 b6 18. Qc3 Rfc8 19. Bd2 Bxe4 20. dxe4 cxb4 21. Qxb4 Qxc4 22. Qxc4 Rxc4 23. Re1 Nf6 24. Be3 Rxe4 25. Bxb6 Rxe1+ 26. Nxe1 Nxd5 27. Ba5 Rb8 28. Kh2 Rb5 29. Bd2 Rb3 30. g3 f6 31. Ba5 Kf7 32. Rd2 Rb5 33. Bb4 Nxb4 34. axb4 Rxb4 35. Ra2 Rb6 36. Kg2 d5 37. Rc2 a5 38. Rc7 a4 39. Ra7 a3 40. Nc2 Rb3 41. Kf1 d4 42. Ke2 d3+ 43. Kd2 dxc2 44. Kxc2 Rb2+ 45. Kc1 Rxf2 0-1

[Event "SVK-chT3B2 2122"]
[Site "Slovakia"]
[Date "2022.05.08"]
[Round "10.1"]
[White "Reisel, Frantisek"]
[Black "Kutny, Marian"]
[Result "1/2-1/2"]
[WhiteElo "1912"]
[BlackElo "1981"]
[PlyCount "30"]
[EventDate "2021.10.24"]
[EventType "team-tourn"]
[EventRounds "11"]
[EventCountry "SVK"]
[SourceTitle "EXT 2024"]
[Source "ChessBase"]
[SourceDate "2023.10.10"]
[SourceVersion "1"]
[SourceVersionDate "2023.10.10"]
[SourceQuality "1"]
[WhiteTeam "Lehota pod Vtacnikom"]
[BlackTeam "Belusa II"]
[WhiteTeamCountry "SVK"]
[BlackTeamCountry "SVK"]

1. d4 d5 2. c4 e6 3. Nc3 Nf6 4. Bg5 Be7 5. e3 0-0 6. Nf3 h6 7. Bh4 b6 8. cxd5 Nxd5 9. Bxe7 Nxe7 10. Be2 Bb7 11. 0-0 Nd7 12. Rc1 c5 13. h3 cxd4 14. Qxd4 Nf5 15. Qf4 Rc8 1/2-1/2

[Event "SVK-chT2B 2122"]
[Site "Slovakia"]
[Date "2022.03.27"]
[Round "9.4"]
[White "Fabik, Tomas"]
[Black "Kutny, Marian"]
[Result "0-1"]
[WhiteElo "1884"]
[BlackElo "1956"]
[PlyCount "48"]
[EventDate "2021.10.16"]
[EventType "team-tourn"]
[EventRounds "11"]
[EventCountry "SVK"]
[SourceTitle "EXT 2023"]
[Source "ChessBase"]
[SourceDate "2022.10.05"]
[SourceVersion "1"]
[SourceVersionDate "2022.10.05"]
[SourceQuality "1"]
[WhiteTeam "Topolcany II"]
[BlackTeam "Belusa"]
[WhiteTeamCountry "SVK"]
[BlackTeamCountry "SVK"]

1. c4 e5 2. Nc3 Nf6 3. g3 d5 4. cxd5 Nxd5 5. Bg2 c6 6. Qb3 Nxc3 7. bxc3 Be7 8. Nf3 Qc7 9. d3 Be6 10. Qc2 0-0 11. h4 h6 12. Be3 f5 13. d4 e4 14. Ne5 Bd6 15. Ng6 Rf6 16. Nf4 Bc4 17. h5 Nd7 18. Kd2 Nb6 19. f3 Nd5 20. Nxd5 Bxd5 21. f4 c5 22. Rhc1 Bf7 23. g4 Bxf4 24. gxf5 Bxe3+ 0-1

[Event "SVK-chT3B2 1920"]
[Site "Slovakia"]
[Date "2020.06.28"]
[Round "11.2"]
[White "Adamik, Bohuslav"]
[Black "Kutny, Marian"]
[Result "1/2-1/2"]
[WhiteElo "1868"]
[BlackElo "1961"]
[PlyCount "140"]
[EventDate "2019.10.06"]
[EventType "team-tourn"]
[EventRounds "11"]
[EventCountry "SVK"]
[SourceTitle "EXT 2022"]
[Source "ChessBase"]
[SourceDate "2021.10.06"]
[SourceVersion "1"]
[SourceVersionDate "2021.10.06"]
[SourceQuality "1"]
[WhiteTeam "Lehota pod Vtacnikom"]
[BlackTeam "Belusa"]
[WhiteTeamCountry "SVK"]
[BlackTeamCountry "SVK"]

1. d4 d5 2. Nf3 Nf6 3. g3 Bf5 4. Bg2 e6 5. Nbd2 Be7 6. 0-0 0-0 7. b3 Nbd7 8. Bb2 c5 9. c4 dxc4 10. Nxc4 Be4 11. Nfe5 Bxg2 12. Kxg2 Nxe5 13. dxe5 Nd5 14. e4 Nb6 15. Qxd8 Rfxd8 16. Ne3 Rd2 17. Bc3 Rd3 18. Rac1 Bg5 19. Rfe1 Bxe3 20. fxe3 Kf8 21. Kf3 Rc8 22. Ke2 Rd7 23. Rc2 Ke8 24. Rec1 Na8 25. Be1 b6 26. g4 h6 27. h4 Nc7 28. h5 Na6 29. a3 Rdc7 30. Bh4 Nb8 31. g5 hxg5 32. Bxg5 Nd7 33. Bf4 Nf8 34. Rg1 g6 35. hxg6 Nxg6 36. Rgc1 b5 37. Kd3 Kd7 38. Ke2 c4 39. Rd2+ Ke8 40. b4 Rd7 41. Rxd7 Kxd7 42. Rd1+ Kc7 43. Rd6 Nxf4+ 44. exf4 Rd8 45. Ra6 c3 46. Rd6 Rxd6 47. exd6+ Kxd6 48. Kd3 f5 49. Kxc3 fxe4 50. Kd4 e3 51. Kxe3 Kd5 52. Kf3 e5 53. f5 e4+ 54. Ke3 Ke5 55. f6 Kxf6 56. Kxe4 Ke6 57. Kd4 Kd6 58. Kc3 Ke5 59. Kb3 Kd4 60. a4 a6 61. axb5 axb5 62. Ka3 Kc3 63. Ka2 Kc2 64. Ka3 Kc3 65. Ka2 Kxb4 66. Kb2 Ka4 67. Ka2 b4 68. Kb2 b3 69. Kb1 Ka3 70. Ka1 b2+ 1/2-1/2

[Event "SVK-chT3B2 1920"]
[Site "Slovakia"]
[Date "2020.02.23"]
[Round "9.1"]
[White "Kutny, Marian"]
[Black "Lasch, Miroslav"]
[Result "1-0"]
[WhiteElo "1961"]
[BlackElo "2102"]
[PlyCount "75"]
[EventDate "2019.10.06"]
[EventType "team-tourn"]
[EventRounds "11"]
[EventCountry "SVK"]
[SourceTitle "CBM 195 Extra"]
[Source "ChessBase"]
[SourceDate "2020.05.31"]
[SourceVersion "1"]
[SourceVersionDate "2020.05.31"]
[SourceQuality "1"]
[WhiteTeam "Belusa"]
[BlackTeam "Dubnica nad Vahom IV"]
[WhiteTeamCountry "SVK"]
[BlackTeamCountry "SVK"]

1. Nf3 Nf6 2. d4 g6 3. c4 Bg7 4. Nc3 d5 5. cxd5 Nxd5 6. e4 Nxc3 7. bxc3 c5 8. Bb5+ Nc6 9. 0-0 0-0 10. Be3 Bd7 11. d5 Ne5 12. Bxd7 Nxd7 13. Qd2 Qa5 14. Rac1 b5 15. Bh6 f6 16. Bxg7 Kxg7 17. Rfe1 Ne5 18. Nxe5 fxe5 19. Qg5 Qc7 20. Rcd1 Rf4 21. Qg3 Raf8 22. Re2 a5 23. Qe3 Qb6 24. Red2 R8f6 25. h3 h6 26. f3 Rd6 27. Rb1 b4 28. cxb4 axb4 29. Rc2 Rf8 30. Qxc5 Ra8 31. Rxb4 Qxc5+ 32. Rxc5 Rxa2 33. Rb7 Kf6 34. h4 g5 35. Rcc7 e6 36. h5 g4 37. Rg7 g3 38. Rg6# 1-0

[Event "SVK-chT3B2 1920"]
[Site "Slovakia"]
[Date "2020.01.19"]
[Round "6.7"]
[White "Volanek, Maros"]
[Black "Kutny, Marian"]
[Result "0-1"]
[WhiteElo "1225"]
[BlackElo "1961"]
[PlyCount "36"]
[EventDate "2019.10.06"]
[EventType "team-tourn"]
[EventRounds "11"]
[EventCountry "SVK"]
[SourceTitle "CBM 195 Extra"]
[Source "ChessBase"]
[SourceDate "2020.05.31"]
[SourceVersion "1"]
[SourceVersionDate "2020.05.31"]
[SourceQuality "1"]
[WhiteTeam "Povazske Podhradie"]
[BlackTeam "Belusa"]
[WhiteTeamCountry "SVK"]
[BlackTeamCountry "SVK"]

1. d4 g6 2. c4 Bg7 3. Nf3 c6 4. Nc3 d6 5. e3 Nf6 6. Bd3 Bg4 7. h3 Bd7 8. 0-0 0-0 9. b3 Na6 10. a3 Nc7 11. b4 Ne6 12. Qb3 Bh6 13. Bb2 Ng5 14. Nxg5 Bxg5 15. Ne2 Qc8 16. Ng3 Bxh3 17. gxh3 Qxh3 18. Bc2 Ng4 0-1

[Event "SVK-chT3B2 1920"]
[Site "Slovakia"]
[Date "2019.11.24"]
[Round "4.1"]
[White "Matejka, Peter"]
[Black "Kutny, Marian"]
[Result "1/2-1/2"]
[WhiteElo "1597"]
[BlackElo "1961"]
[PlyCount "165"]
[EventDate "2019.10.06"]
[EventType "team-tourn"]
[EventRounds "11"]
[EventCountry "SVK"]
[SourceTitle "CBM 193 Extra"]
[Source "ChessBase"]
[SourceDate "2020.01.31"]
[SourceVersion "1"]
[SourceVersionDate "2020.01.31"]
[SourceQuality "1"]
[WhiteTeam "Nemsova Horne Srnie II"]
[BlackTeam "Belusa"]
[WhiteTeamCountry "SVK"]
[BlackTeamCountry "SVK"]

1. d4 d5 2. c4 e6 3. Nf3 Nf6 4. Nc3 dxc4 5. e4 a6 6. Bxc4 b5 7. Bb3 Bb7 8. e5 Nd5 9. Nxd5 Bxd5 10. 0-0 Be7 11. Bxd5 Qxd5 12. Be3 Nd7 13. Qc2 Rc8 14. Rfd1 0-0 15. a3 Nb6 16. b3 Rfd8 17. a4 bxa4 18. bxa4 Nc4 19. Bg5 f6 20. exf6 Bxf6 21. Bxf6 gxf6 22. Rd3 Rd7 23. Rc1 Ne5 24. Nxe5 fxe5 25. Rg3+ Kh8 26. dxe5 Qxe5 27. h3 c5 28. Qc4 Qd6 29. Re1 e5 30. Rge3 Re7 31. f4 Qd4 32. Qxd4 cxd4 33. Rxe5 Rxe5 34. fxe5 Kg7 35. Rd1 Rc4 36. a5 Kf7 37. Kf2 Ke6 38. Kf3 Kxe5 39. Re1+ Kd5 40. Re7 Rc3+ 41. Ke2 Rc2+ 42. Kd3 Rc3+ 43. Kd2 Rg3 44. Rxh7 Rxg2+ 45. Kd3 Rg3+ 46. Kd2 Ra3 47. h4 Kc4 48. h5 Ra2+ 49. Kc1 Kd3 50. h6 Ra1+ 51. Kb2 Rxa5 52. Rd7 Rh5 53. h7 Rh1 54. Ra7 Kd2 55. Rxa6 Rxh7 56. Ra2 Rc7 57. Kb3+ Ke3 58. Rh2 Rf7 59. Kc4 Rf3 60. Ra2 d3 61. Kc3 Rf8 62. Rh2 Rc8+ 63. Kb3 d2 64. Rh3+ Ke4 65. Rh4+ Kf3 66. Rh3+ Kf2 67. Rh2+ Ke1 68. Rh1+ Ke2 69. Rh2+ Kd3 70. Rh3+ Kd4 71. Rh4+ Kd5 72. Rh5+ Kd6 73. Rh6+ Ke7 74. Rh7+ Ke8 75. Rh8+ Kf7 76. Rh7+ Ke6 77. Rh6+ Kd7 78. Rh7+ Kc6 79. Kc2 Rd8 80. Kd1 Kc5 81. Rh2 Kc4 82. Rxd2 Rxd2+ 83. Kxd2 1/2-1/2

[Event "SVK-chT3B2 1920"]
[Site "Slovakia"]
[Date "2019.11.03"]
[Round "3.2"]
[White "Halak, Matej"]
[Black "Kutny, Marian"]
[Result "1/2-1/2"]
[WhiteElo "2009"]
[BlackElo "1961"]
[PlyCount "73"]
[EventDate "2019.10.06"]
[EventType "team-tourn"]
[EventRounds "11"]
[EventCountry "SVK"]
[SourceTitle "CBM 193 Extra"]
[Source "ChessBase"]
[SourceDate "2020.01.31"]
[SourceVersion "1"]
[SourceVersionDate "2020.01.31"]
[SourceQuality "1"]
[WhiteTeam "Trencin II"]
[BlackTeam "Belusa"]
[WhiteTeamCountry "SVK"]
[BlackTeamCountry "SVK"]

1. d4 d5 2. Bf4 Nf6 3. Nf3 Bf5 4. c4 e6 5. e3 Bd6 6. Bxd6 cxd6 7. Nc3 dxc4 8. Bxc4 0-0 9. 0-0 d5 10. Be2 Ne4 11. Rc1 Nd7 12. Qb3 Nb6 13. Nb5 Nd6 14. Nxd6 Qxd6 15. Nh4 Be4 16. f3 Bg6 17. Nxg6 hxg6 18. a4 Rab8 19. Rc3 Rfc8 20. Rfc1 Rxc3 21. Rxc3 Qd8 22. g3 Rc8 23. a5 Rxc3 24. bxc3 Nc4 25. Bxc4 dxc4 26. Qb5 Qc7 27. e4 a6 28. Qa4 Kf8 29. Kf2 Ke7 30. Qb4+ Ke8 31. Ke3 Qc6 32. Qc5 Qb5 33. Qxb5+ axb5 34. d5 e5 35. f4 f6 36. fxe5 fxe5 37. g4 1/2-1/2

[Event "SVK-chT1W 1920"]
[Site "Slovakia"]
[Date "2019.10.13"]
[Round "2.8"]
[White "Kutny, Marian"]
[Black "Gyarmati, Tichomir"]
[Result "1/2-1/2"]
[WhiteElo "1966"]
[BlackElo "1889"]
[PlyCount "57"]
[EventDate "2019.10.12"]
[EventType "team-tourn"]
[EventRounds "11"]
[EventCountry "SVK"]
[SourceTitle "CBM 193 Extra"]
[Source "ChessBase"]
[SourceDate "2020.01.31"]
[SourceVersion "1"]
[SourceVersionDate "2020.01.31"]
[SourceQuality "1"]
[WhiteTeam "Dubnica nad Vahom II"]
[BlackTeam "Batorove Kosihy"]
[WhiteTeamCountry "SVK"]
[BlackTeamCountry "SVK"]

1. d4 Nf6 2. c4 g6 3. Nc3 d5 4. cxd5 Nxd5 5. e4 Nxc3 6. bxc3 Bg7 7. Nf3 0-0 8. Be2 c5 9. 0-0 cxd4 10. cxd4 Nc6 11. Be3 Bg4 12. Rb1 b6 13. d5 Ne5 14. Nxe5 Bxe2 15. Qxe2 Bxe5 16. f4 Bg7 17. Qb5 Qd6 18. e5 Qa3 19. Bd4 Rfd8 20. Rf2 Rac8 21. Rd1 Rc1 22. Rxc1 Qxc1+ 23. Rf1 Qd2 24. Qc4 b5 25. Qc5 Qxa2 26. Qxb5 Qxd5 27. Qxd5 Rxd5 28. Bxa7 g5 29. g3 1/2-1/2

[Event "SVK-chT2B 1819"]
[Site "Slovakia"]
[Date "2019.02.03"]
[Round "7.3"]
[White "Kutny, Marian"]
[Black "Kvassay, Peter"]
[Result "1/2-1/2"]
[WhiteElo "1979"]
[BlackElo "1995"]
[PlyCount "49"]
[EventDate "2018.10.13"]
[EventType "team-tourn"]
[EventRounds "11"]
[EventCountry "SVK"]
[SourceTitle "CBM 189 Extra"]
[Source "ChessBase"]
[SourceDate "2019.06.03"]
[SourceVersion "1"]
[SourceVersionDate "2019.06.03"]
[SourceQuality "1"]
[WhiteTeam "Nemsova Horne Srnie"]
[BlackTeam "Povazska Bystrica"]
[WhiteTeamCountry "SVK"]
[BlackTeamCountry "SVK"]

1. d4 c5 2. d5 Nf6 3. c4 d6 4. Nc3 e5 5. e4 g6 6. Be2 Bg7 7. f4 exf4 8. Bxf4 0-0 9. Nf3 Qe7 10. 0-0 Nbd7 11. Bd3 Ng4 12. Nb5 Nge5 13. Rb1 b6 14. a3 a6 15. Nc3 Rb8 16. Qe2 Nxf3+ 17. Qxf3 Ne5 18. Qd1 Bd7 19. a4 Ng4 20. Ne2 b5 21. h3 Ne5 22. axb5 axb5 23. cxb5 Bxb5 24. Bxb5 Rxb5 25. Nc3 1/2-1/2

[Event "SVK-chT3B2 1819"]
[Site "Slovakia"]
[Date "2019.01.27"]
[Round "6.2"]
[White "Solik, Rudolf"]
[Black "Kutny, Marian"]
[Result "0-1"]
[WhiteElo "1869"]
[BlackElo "1987"]
[PlyCount "94"]
[EventDate "2018.10.21"]
[EventType "team-tourn"]
[EventRounds "11"]
[EventCountry "SVK"]
[SourceTitle "CBM 189 Extra"]
[Source "ChessBase"]
[SourceDate "2019.06.03"]
[SourceVersion "1"]
[SourceVersionDate "2019.06.03"]
[SourceQuality "1"]
[WhiteTeam "Dubnica nad Vahom IV"]
[BlackTeam "Belusa"]
[WhiteTeamCountry "SVK"]
[BlackTeamCountry "SVK"]

1. c4 e5 2. Nc3 Nf6 3. e3 d5 4. cxd5 Nxd5 5. Bc4 Nxc3 6. bxc3 Bd6 7. Ne2 0-0 8. 0-0 Qe7 9. d4 exd4 10. cxd4 Be6 11. Qc2 Bxc4 12. Qxc4 Nd7 13. Rb1 b6 14. Qc6 Nf6 15. Ng3 Qe6 16. Qc2 c5 17. Nf5 Rfc8 18. Nxd6 Qxd6 19. Ba3 Ng4 20. g3 Qh6 21. h4 Nxe3 22. fxe3 Qxe3+ 23. Qf2 Qxa3 24. Qxf7+ Kh8 25. Rf3 Qa4 26. dxc5 Qd4+ 27. Kh2 Qxc5 28. Rbf1 h6 29. Rf5 Qc4 30. R1f2 Qxf7 31. Rxf7 Rc3 32. Rb7 Ra3 33. Kh3 Rg8 34. h5 Ra4 35. g4 Rc8 36. Kh2 Rcc4 37. Kg3 Ra3+ 38. Rf3 Rca4 39. Rxa3 Rxa3+ 40. Kf4 Rxa2 41. Kf5 Kh7 42. Ke4 Ra5 43. Ke3 b5 44. Kf3 a6 45. Rb6 Ra4 46. Kg3 b4 47. Kf2 a5 0-1

[Event "SVK-chT3B2 1819"]
[Site "Slovakia"]
[Date "2018.12.09"]
[Round "4.1"]
[White "Kutny, Marian"]
[Black "Reisel, Frantisek"]
[Result "1/2-1/2"]
[WhiteElo "1987"]
[BlackElo "1923"]
[PlyCount "27"]
[EventDate "2018.10.21"]
[EventType "team-tourn"]
[EventRounds "11"]
[EventCountry "SVK"]
[SourceTitle "CBM 189 Extra"]
[Source "ChessBase"]
[SourceDate "2019.06.03"]
[SourceVersion "1"]
[SourceVersionDate "2019.06.03"]
[SourceQuality "1"]
[WhiteTeam "Belusa"]
[BlackTeam "Lehota pod Vtacnikom"]
[WhiteTeamCountry "SVK"]
[BlackTeamCountry "SVK"]

1. d4 d5 2. c4 c6 3. Bf4 Bf5 4. Nc3 e6 5. e3 Nf6 6. Nf3 Nbd7 7. Be2 Be7 8. 0-0 Nh5 9. Be5 f6 10. Nh4 fxe5 11. Bxh5+ g6 12. Nxf5 exf5 13. Be2 exd4 14. exd4 1/2-1/2

[Event "SVK-chT2B 1819"]
[Site "Slovakia"]
[Date "2018.10.14"]
[Round "2.3"]
[White "Kutny, Marian"]
[Black "Kovac, Lubomir2222"]
[Result "0-1"]
[WhiteElo "1952"]
[BlackElo "2102"]
[PlyCount "66"]
[EventDate "2018.10.13"]
[EventType "team-tourn"]
[EventRounds "11"]
[EventCountry "SVK"]
[SourceTitle "CBM 187 Extra"]
[Source "ChessBase"]
[SourceDate "2018.11.04"]
[SourceVersion "1"]
[SourceVersionDate "2018.11.04"]
[SourceQuality "1"]
[WhiteTeam "Nemsova Horne Srnie"]
[BlackTeam "Levice"]
[WhiteTeamCountry "SVK"]
[BlackTeamCountry "SVK"]

1. d4 Nf6 2. c4 e6 3. Nc3 Bb4 4. Bd2 c5 5. e3 0-0 6. Nf3 b6 7. a3 Ba5 8. Rb1 Bxc3 9. Bxc3 Ne4 10. Qc2 Bb7 11. Bd3 f5 12. dxc5 Nxc3 13. Qxc3 Bxf3 14. gxf3 bxc5 15. Rg1 Qe7 16. Ke2 Nc6 17. b4 d6 18. bxc5 dxc5 19. Rb5 e5 20. Rgb1 Nd4+ 21. Kf1 Nxb5 22. cxb5 Kh8 23. Bc4 Rad8 24. a4 Rd6 25. a5 Rfd8 26. Ke2 Qd7 27. b6 axb6 28. a6 e4 29. Bb5 Rd2+ 30. Kf1 Rd1+ 31. Kg2 exf3+ 32. Kh3 Qf7 33. Qb3 Qh5+ 0-1

[Event "SVK-chT3B2 1718"]
[Site "Slovakia"]
[Date "2018.02.18"]
[Round "9.1"]
[White "Kutny, Marian"]
[Black "Bielik, Jakub"]
[Result "1-0"]
[WhiteElo "1924"]
[BlackElo "1951"]
[PlyCount "93"]
[EventDate "2017.10.08"]
[EventType "team-tourn"]
[EventRounds "11"]
[EventCountry "SVK"]
[SourceTitle "EXT 2020"]
[Source "ChessBase"]
[SourceDate "2019.10.17"]
[SourceVersion "1"]
[SourceVersionDate "2019.10.17"]
[SourceQuality "1"]
[WhiteTeam "Belusa"]
[BlackTeam "Povazske Podhradie II"]
[WhiteTeamCountry "SVK"]
[BlackTeamCountry "SVK"]

1. d4 e6 2. c4 d5 3. Bf4 Nf6 4. Nc3 Bd6 5. Bxd6 Qxd6 6. c5 Qe7 7. Nf3 0-0 8. e3 Nbd7 9. Be2 c6 10. 0-0 e5 11. Nxe5 Nxe5 12. dxe5 Qxe5 13. Qd4 Qxd4 14. exd4 Bf5 15. Rad1 Rfe8 16. Bd3 Bxd3 17. Rxd3 Re7 18. Re3 Rxe3 19. fxe3 Re8 20. Re1 Ne4 21. Nxe4 Rxe4 22. Kf2 f5 23. g3 Kf7 24. h4 h6 25. Rh1 Kf6 26. Kf3 h5 27. a3 Re8 28. b4 g5 29. hxg5+ Kxg5 30. Rb1 b5 31. cxb6 axb6 32. Rc1 Re6 33. a4 Rh6 34. a5 bxa5 35. bxa5 h4 36. gxh4+ Rxh4 37. Rxc6 Rh3+ 38. Ke2 f4 39. Rd6 f3+ 40. Kf2 Kf5 41. Rd8 Kg4 42. Rg8+ Kf5 43. a6 Rh2+ 44. Kxf3 Ra2 45. Ra8 Ke6 46. a7 Kf7 47. Rh8 1-0

[Event "SVK-chT3B2 1617"]
[Site "Slovakia"]
[Date "2017.01.15"]
[Round "6.1"]
[White "Kutny, Marian"]
[Black "Kijac, Miroslav"]
[Result "1/2-1/2"]
[WhiteElo "1926"]
[BlackElo "2102"]
[PlyCount "44"]
[EventDate "2016.10.16"]
[EventType "team-tourn"]
[EventRounds "11"]
[EventCountry "SVK"]
[SourceTitle "EXT 2018"]
[Source "ChessBase"]
[SourceDate "2017.10.13"]
[SourceVersion "1"]
[SourceVersionDate "2017.10.13"]
[SourceQuality "1"]
[WhiteTeam "Belusa"]
[BlackTeam "Nemsova Horne Srnie"]
[WhiteTeamCountry "SVK"]
[BlackTeamCountry "SVK"]

1. d4 Nf6 2. c4 e6 3. Nc3 d5 4. e3 Be7 5. Nf3 0-0 6. Bd3 c5 7. 0-0 Nc6 8. a3 b6 9. Re1 Bb7 10. b3 Rc8 11. Bb2 Qc7 12. Rc1 Rfd8 13. Qe2 Qb8 14. cxd5 exd5 15. Bf5 Rc7 16. dxc5 bxc5 17. Qc2 Bc8 18. Bxc8 Rcxc8 19. Na4 Na5 20. Nd2 c4 21. b4 Nc6 22. Nf3 Ne4 1/2-1/2

[Event "SVK-chT3B2 1617"]
[Site "Slovakia"]
[Date "2017.01.15"]
[Round "6.6"]
[White "Mikus, Peter"]
[Black "Kutny, Marian"]
[Result "1-0"]
[WhiteElo "1804"]
[BlackElo "1926"]
[PlyCount "117"]
[EventDate "2016.10.16"]
[EventType "team-tourn"]
[EventRounds "11"]
[EventCountry "SVK"]
[SourceTitle "EXT 2018"]
[Source "ChessBase"]
[SourceDate "2017.10.13"]
[SourceVersion "1"]
[SourceVersionDate "2017.10.13"]
[SourceQuality "1"]
[WhiteTeam "Nemsova Horne Srnie"]
[BlackTeam "Belusa"]
[WhiteTeamCountry "SVK"]
[BlackTeamCountry "SVK"]

1. e4 g6 2. d4 Bg7 3. Nf3 d6 4. Nc3 a6 5. Bc4 Nc6 6. a4 Bg4 7. h3 Bxf3 8. Qxf3 Nf6 9. Be3 0-0 10. Rd1 e5 11. 0-0 exd4 12. Bxd4 Nxd4 13. Rxd4 Nd7 14. Rdd1 Ne5 15. Qe2 Nxc4 16. Qxc4 Bxc3 17. Qxc3 Rc8 18. f4 b5 19. f5 Qh4 20. axb5 axb5 21. Qe3 Rce8 22. Rf4 Qh6 23. Rdf1 Re5 24. fxg6 hxg6 25. Qc3 Rc5 26. Qd3 Qg7 27. c3 Rc4 28. Rf6 Rc5 29. R1f3 Re5 30. c4 b4 31. R6f4 Ra5 32. Qd2 Ra1+ 33. Kh2 Ra2 34. Rf6 Ra4 35. Qd5 Ra7 36. Qb5 c5 37. Qb6 Rd7 38. Qc6 Rfd8 39. b3 Qh8 40. Qd5 Qg7 41. Qg5 Re8 42. Qf4 Re6 43. Rxe6 fxe6 44. Qf6 Re7 45. g4 Qf7 46. Kg3 Qg7 47. h4 Kh7 48. Rf4 e5 49. Rf3 Qxf6 50. Rxf6 Rd7 51. g5 Kg7 52. Kg4 Rf7 53. Rxf7+ Kxf7 54. h5 gxh5+ 55. Kxh5 d5 56. exd5 e4 57. Kg4 e3 58. Kf3 Kg6 59. d6 1-0

[Event "SVK-chT3B2 1617"]
[Site "Slovakia"]
[Date "2016.12.18"]
[Round "5.2"]
[White "Kutny, Marian"]
[Black "Buco, Martin"]
[Result "0-1"]
[WhiteElo "1926"]
[BlackElo "1736"]
[PlyCount "114"]
[EventDate "2016.10.16"]
[EventType "team-tourn"]
[EventRounds "11"]
[EventCountry "SVK"]
[SourceTitle "EXT 2018"]
[Source "ChessBase"]
[SourceDate "2017.10.13"]
[SourceVersion "1"]
[SourceVersionDate "2017.10.13"]
[SourceQuality "1"]
[WhiteTeam "Belusa"]
[BlackTeam "Povazske Podhradie II"]
[WhiteTeamCountry "SVK"]
[BlackTeamCountry "SVK"]

1. d4 e6 2. c4 Nf6 3. Nc3 Bb4 4. Bd2 c5 5. e3 Nc6 6. Nf3 b6 7. a3 Bxc3 8. Bxc3 Bb7 9. Bd3 0-0 10. 0-0 Ne7 11. dxc5 bxc5 12. Be5 d6 13. Bxd6 Rc8 14. Ne5 Re8 15. Bxe7 Qxe7 16. Qc2 Red8 17. Rad1 Qc7 18. f4 Rd6 19. g4 Rcd8 20. g5 Ne4 21. Rde1 f6 22. Bxe4 Rd2 23. Qb1 fxe5 24. Bxb7 Qxb7 25. Rf2 Rxf2 26. Kxf2 Rd2+ 27. Re2 Rxe2+ 28. Kxe2 Qg2+ 29. Kd3 exf4 30. exf4 Qf3+ 31. Kc2 Qe4+ 32. Kc1 Qxf4+ 33. Kd1 Qf1+ 34. Kc2 Qf5+ 35. Kc1 Qxg5+ 36. Kc2 Qf5+ 37. Kc1 Qf4+ 38. Kd1 Qf1+ 39. Kc2 Qxc4+ 40. Kd2 Qd4+ 41. Ke2 Qe5+ 42. Kf3 Qf5+ 43. Qxf5 exf5 44. Kf4 g6 45. Ke5 Kf7 46. h4 h6 47. Kd5 f4 48. Ke4 g5 49. b3 Ke6 50. Kd3 Kf5 51. hxg5 hxg5 52. b4 cxb4 53. axb4 Ke5 54. Ke2 Kd4 55. Kf3 Kc4 56. Kg4 Kxb4 57. Kxg5 f3 0-1

[Event "SVK-chT3B2 1617"]
[Site "Slovakia"]
[Date "2016.11.27"]
[Round "4.2"]
[White "Jakubec, Milan"]
[Black "Kutny, Marian"]
[Result "1/2-1/2"]
[WhiteElo "2060"]
[BlackElo "1926"]
[PlyCount "136"]
[EventDate "2016.10.16"]
[EventType "team-tourn"]
[EventRounds "11"]
[EventCountry "SVK"]
[SourceTitle "EXT 2018"]
[Source "ChessBase"]
[SourceDate "2017.10.13"]
[SourceVersion "1"]
[SourceVersionDate "2017.10.13"]
[SourceQuality "1"]
[WhiteTeam "Myjava Spartak"]
[BlackTeam "Belusa"]
[WhiteTeamCountry "SVK"]
[BlackTeamCountry "SVK"]

1. e4 e5 2. Nf3 Nc6 3. Bc4 Bc5 4. c3 Nf6 5. d4 exd4 6. e5 d5 7. Bb5 Ne4 8. cxd4 Bb4+ 9. Bd2 0-0 10. Bxc6 Nxd2 11. Nbxd2 bxc6 12. a3 Be7 13. Qc2 Rb8 14. 0-0 Bd7 15. b4 Rb6 16. Nb3 Bg4 17. Nfd2 f6 18. Na5 Bd7 19. Rac1 fxe5 20. dxe5 Bg5 21. Rcd1 Bg4 22. f3 Be3+ 23. Kh1 Bf5 24. Qc3 d4 25. Qb3+ Qd5 26. Ndc4 Rbb8 27. Nxe3 Qxb3 28. Nxb3 dxe3 29. Rc1 Rbd8 30. Nc5 Rd2 31. Rfe1 e2 32. Kg1 Re8 33. f4 g5 34. g3 gxf4 35. gxf4 Red8 36. Kf2 R8d4 37. Rxe2 Rxe2+ 38. Kxe2 Rxf4 39. Ke3 Rh4 40. Rf1 Bg6 41. e6 Rxh2 42. Rf3 Rh1 43. Kf2 Rh5 44. Re3 Kf8 45. e7+ Ke8 46. Ne6 Rf5+ 47. Ke1 Kxe7 48. Nd4+ Kd7 49. Nxf5 Bxf5 50. Re5 Bd3 51. Kd2 Bc4 52. Rh5 Kc8 53. Rxh7 Kb7 54. Kc3 Bf1 55. Rh8 a6 56. Kd4 Kb6 57. Rb8+ Ka7 58. Rf8 Bg2 59. Kc5 Kb7 60. a4 Be4 61. a5 Bg2 62. Kd4 Bh3 63. Ke5 Bg4 64. Rf4 Be2 65. Ke6 c5 66. Kd5 cxb4 67. Rxb4+ Bb5 68. Kc5 Kb8 1/2-1/2